000 00416nam a2200157Ia 4500
999 _c228
_d228
003 OSt
005 20211129115325.0
008 190216s9999||||xx |||||||||||||| ||und||
040 _coclc
082 _a892.73
_bHID/H
245 0 _aHidau Thanbury Bagbady /
260 _bHidayath Book Stall,
_aTirurangadi:
300 _a23p
650 _aArabic
942 _cBK
_2ddc
_h892.73
_iHID/H
_k892.73
_mHID/H